000 00723 a2200205 4500
020 _a0073309206
020 _a9780073309200
082 _a620.106
090 _c991
_d991
100 1 _aWhite, Frank.
245 1 0 _aFluid mechanics with student cd /
_cFrank White.
250 _a6th ed.
260 _a[S.l.] :
_bMcGraw-Hill Science/Engineering/Math,
_c2008
300 _a896 p. ;
_c24 cm.
490 1 _aMcgraw-hill series in mechanical engineering.
700 _aWhite, Frank.
830 _aMcgraw-hill series in mechanical engineering
942 _aSNS
_cBK
_k620.106 WHI
999 _c29610
_d29610